000
00338nam a2200145Ia 4500
005
20251222141826.0
008
251222s9999||||xx |||||||||||||| ||spa||
020
_a
9789606930836
082
_a
451/C75A2/S
100
_a
Colombo, Federica
245
0
_a
Arrivederci! 2:
250
_a
1ra.ed.
264
_b
Edizioni Edilingua
942
_c
LIB
999
_c
6966
_d
6966